Rzeczowniki na literę T - Statystyki

Ogólne statystyki
  • Ten quiz został rozwiązany 69 razy
  • Średni wynik to 86 z 172
Statystyki odpowiedzi
Odpowiedź % Poprawnych
tor
95%
tort
91%
tom
89%
tok
86%
torba
86%
telefon
84%
tost
84%
ton
82%
twarz
82%
tablet
80%
teczka
80%
telewizor
80%
trąbka
80%
tran
80%
trawa
80%
tata
77%
traktor
77%
talerz
75%
tama
75%
taniec
75%
tarka
75%
tasak
75%
towar
75%
tron
75%
taboret
73%
test
73%
tramwaj
73%
tabletka
70%
termometr
70%
tło
70%
torebka
70%
trop
70%
tablica
68%
tapeta
68%
termin
68%
toster
68%
trud
68%
tryb
68%
typ
68%
tabela
66%
takt
66%
tłum
66%
trasa
66%
trumna
66%
truskawka
66%
tusz
66%
taca
64%
tafla
64%
targ
64%
teatr
64%
tekst
64%
teza
64%
tłok
64%
toga
64%
tygrys
64%
talizman
61%
tatar
61%
tlen
61%
tyczka
61%
tampon
59%
tango
59%
temperówka
59%
tradycja
59%
troska
59%
tukan
59%
tamburyn
57%
tempo
57%
trójkąt
57%
tubka
57%
tunika
57%
tajemnica
55%
tarcza
55%
tatuaż
55%
tektura
55%
teleskop
55%
towarzystwo
55%
trapez
55%
trener
55%
tulipan
55%
turban
55%
twierdza
55%
tarta
52%
temat
52%
tenis
52%
termos
52%
toaleta
52%
traf
52%
trampolina
52%
transport
52%
tymianek
52%
tyran
52%
taksówka
50%
talent
50%
talon
50%
tapczan
50%
tapicerka
50%
tchawica
50%
teren
50%
trofeum
50%
trufla
50%
trzepak
50%
talia
48%
tłuszcz
48%
tonik
48%
tratwa
48%
tuja
48%
twaróg
48%
taktyka
45%
technika
45%
teoria
45%
tynk
45%
tytoń
45%
trauma
43%
trucizna
43%
tunel
43%
tarczyca
41%
telegram
41%
telepatia
41%
trzask
41%
testament
39%
tragedia
39%
transakcja
39%
tworzywo
39%
tytuł
39%
taśma
36%
toast
36%
trądzik
36%
trampki
36%
trema
36%
turysta
36%
tydzień
36%
taras
34%
tartak
34%
tik
34%
tips
34%
tir
34%
twórca
34%
technologia
32%
tęcza
32%
tors
32%
tchórz
30%
tornado
30%
transmisja
30%
trening
30%
tarantula
25%
technikum
25%
tuńczyk
25%
testosteron
23%
tłumacz
23%
trucht
23%
tupet
23%
terapia
20%
teść
20%
tiul
20%
tortilla
20%
treść
20%
trik
18%
tortura
16%
trybuny
16%
terminal
14%
teściowa
14%
turniej
14%
tkanina
11%
tolerancja
9%
teledysk
7%
terytorium
7%
tętnica
7%
tęsknota
5%
tętno
5%
trwoga
5%
tyrtytka
5%
triumf
2%
Nie znaleziono quizów pasujących do podanych kryteriów
Rozkład punktacji
Procent ludzi z każdym wynikiem
Percentyl według liczby udzielonych odpowiedzi
Twoja historia wyników
Nie rozwiązałeś tego quizu